Hệ thống hoá văn bản pháp luật về đầu tư nước ngoài tại Việt Nam = Systemizing Legal Documents on Foreign Investment in Vietnam ( Song ngữ Anh - Việt) :

Đã lưu trong:
書目詳細資料
格式: Sách giấy
語言:Vietnamese
English
出版: Hà Nội : Pháp lý , 1993
標簽: 添加標簽
沒有標簽, 成為第一個標記此記錄!
Thư viện lưu trữ: Thư viện Trường Đại học Đà Lạt
LEADER 00690nam a2200241 4500
001 DLU020011976
005 ##5/19/2000
020 # # |a 978- 
041 # # |a vie  |a eng 
082 # # |a 346.07  |b VIE 
090 # # |a 346.07  |b VIE 
245 # # |a Hệ thống hoá văn bản pháp luật về đầu tư nước ngoài tại Việt Nam =  |b Systemizing Legal Documents on Foreign Investment in Vietnam ( Song ngữ Anh - Việt) :  |b t. I 
260 # # |a Hà Nội :  |b Pháp lý ,  |c 1993 
300 # # |a 772 tr.;   |c 20 cm. 
992 # # |a 55000 
994 # # |a DLU 
900 # # |a False 
911 # # |a Administrator 
925 # # |a G 
926 # # |a A 
927 # # |a SH 
980 # # |a Thư viện Trường Đại học Đà Lạt